000 01047nam a22002657a 4500
003 OSt
005 20200827103537.0
008 200827b2010 ck ad fr 000 0dspa d
020 _a9789586486569
040 _aCO-JMCR
_cCO-JMCR
041 0 _aspa
082 0 4 _a350.722 /
_bR652p1
_223
100 1 _aRomero Romero, Enrique,
_eautor
_96475
245 1 0 _aPresupuesto público y contabilidad gubernamental /
_cEnrique Romero Romero
250 _a4a. edición
260 _aBogotá :
_bEcoe,
_c2010
300 _a248 páginas :
_bgráficos a blanco y negro ;
_c24 cm.
500 _aIncluye datos biográficos del autor en solapa frontal.
504 _aBibliografía: páginas 233-235
505 0 _aEstructura administrativa del Estado colombiano -- Planeación y presupuesto público -- Sistema Nacional de Contabilidad Pública -- El control del Estado -- Terminología de apoyo
650 1 4 _aHacienda pública
_zColombia
_96814
650 1 4 _aContabilidad
_zColombia
_99339
650 1 4 _aPresupuesto
_zColombia
_99328
942 _2ddc
_cBK
999 _c6799
_d6799